31_鳥取県の市町村(ひらがな対応・五十音順) - Statistics

General Stats
  • This quiz has been taken 25 times
  • The average score is 17 of 19
Answer Stats
種類 市町村名 % Correct
倉吉市
100%
境港市
100%
鳥取市
100%
米子市
100%
大山町
95%
智頭町
95%
日吉津村
95%
若桜町
95%
岩美町
90%
琴浦町
90%
伯耆町
90%
北栄町
90%
八頭町
90%
湯梨浜町
90%
日野町
86%
南部町
81%
三朝町
81%
日南町
76%
江府町
71%
No matching quizzes found
Score Distribution
Percent of People with Each Score
Percentile by Number Answered
Your Score History
You have not taken this quiz